Building construction handbook. (7th ed.) (Record no. 77791)
[ view plain ]
| 000 -LEADER | |
|---|---|
| fixed length control field | 01303nam a2200253 a 4500 |
| 008 - FIXED-LENGTH DATA ELEMENTS--GENERAL INFORMATION | |
| fixed length control field | 100122s2008 ||||||||||||||||| || u |
| 020 ## - INTERNATIONAL STANDARD BOOK NUMBER | |
| International Standard Book Number | 9780750686228 |
| 050 ## - LIBRARY OF CONGRESS CALL NUMBER | |
| Classification number | TH 145 Chu |
| 100 ## - MAIN ENTRY--PERSONAL NAME | |
| Personal name | Chudley, Roy |
| 245 10 - TITLE STATEMENT | |
| Title | Building construction handbook. (7th ed.) |
| Statement of responsibility, etc. | R. Chudley and R. Greeno |
| 250 ## - EDITION STATEMENT | |
| Edition statement | 7th ed. |
| 260 ## - PUBLICATION, DISTRIBUTION, ETC. | |
| Place of publication, distribution, etc. | Oxford: |
| Name of publisher, distributor, etc. | Elsevier |
| Date of publication, distribution, etc. | 2008 |
| 300 ## - PHYSICAL DESCRIPTION | |
| Extent | xi, 736p.: ill. |
| 350 ## - | |
| -- | 0.00 |
| 500 ## - GENERAL NOTE | |
| General note | Incorporating current building & construction regulations |
| 650 ## - SUBJECT ADDED ENTRY--TOPICAL TERM | |
| Topical term or geographic name entry element | CONSTRUCTION INDUSTRY--HANDBOOKS, MANUALS, ETC |
| 650 ## - SUBJECT ADDED ENTRY--TOPICAL TERM | |
| Topical term or geographic name entry element | CONSTRUCTION |
| 650 ## - SUBJECT ADDED ENTRY--TOPICAL TERM | |
| Topical term or geographic name entry element | BUILDING--HANDBOOKS, MANUALS, ETC |
| 700 ## - ADDED ENTRY--PERSONAL NAME | |
| Personal name | Greeno, Roger |
| 995 ## - | |
| -- | BINDERY (DAMAGED) |
| -- | 0.00 |
| -- | 740593 |
| -- | CBU-MAIN LIBRARY (Kitwe) |
| -- | 1 |
| -- | 0.00 |
| -- | TH 145 CHU |
| -- | 1 |
| -- | DAMAGED |
| -- | Mar 15, 2010 |
| -- | 740593 |
| -- | Main Library Open Access Collection |
| 995 ## - | |
| -- | MAIN LIBRARY OPEN ACCESS |
| -- | 743320 |
| -- | CBU-MAIN LIBRARY (Kitwe) |
| -- | 0.00 |
| -- | TH 145 Chu |
| -- | 4 |
| -- | AVAILABLE |
| -- | Oct 1, 2012 |
| -- | 743320 |
| -- | Main Library Open Access Collection |
| 995 ## - | |
| -- | MAIN LIBRARY OPEN ACCESS |
| -- | 743319 |
| -- | CBU-MAIN LIBRARY (Kitwe) |
| -- | 0.00 |
| -- | TH 145 Chu |
| -- | 3 |
| -- | AVAILABLE |
| -- | Oct 1, 2012 |
| -- | 743319 |
| -- | Main Library Open Access Collection |
| 995 ## - | |
| -- | BINDERY (DAMAGED) |
| -- | 0.00 |
| -- | 740594 |
| -- | CBU-MAIN LIBRARY (Kitwe) |
| -- | 1 |
| -- | 0.00 |
| -- | TH 145 CHU |
| -- | 2 |
| -- | DAMAGED |
| -- | Mar 15, 2010 |
| -- | 740594 |
| -- | Main Library Open Access Collection |
| 999 ## - | |
| -- | 77791 |
| -- | 77791 |
| Withdrawn status | Lost status | Source of classification or shelving scheme | Damaged status | Not for loan | Permanent Location | Current Location | Shelving location | Date acquired | Total Checkouts | Full call number | Barcode | Date last seen | Copy number | Price effective from | Koha item type | Date last checked out |
|---|---|---|---|---|---|---|---|---|---|---|---|---|---|---|---|---|
| CBU-MAIN LIBRARY, KITWE. | CBU-MAIN LIBRARY, KITWE. | 05/03/2023 | TH 145 Chu | 740593 | 05/03/2023 | 1 | 05/03/2023 | MONOGRAPH | ||||||||
| CBU-MAIN LIBRARY, KITWE. | CBU-MAIN LIBRARY, KITWE. | 05/03/2023 | 1 | TH 145 Chu | 743320 | 07/03/2024 | 2 | 05/03/2023 | MONOGRAPH | 06/24/2024 | ||||||
| CBU-MAIN LIBRARY, KITWE. | CBU-MAIN LIBRARY, KITWE. | 05/03/2023 | 5 | TH 145 Chu | 743319 | 09/06/2024 | 3 | 05/03/2023 | MONOGRAPH | 08/30/2024 | ||||||
| CBU-MAIN LIBRARY, KITWE. | CBU-MAIN LIBRARY, KITWE. | 05/03/2023 | TH 145 Chu | 740594 | 05/03/2023 | 4 | 05/03/2023 | MONOGRAPH |